Teoría y política del desarrollo económico
保存先:
| 第一著者: | |
|---|---|
| フォーマット: | 図書 |
| 言語: | スペイン語 |
| 出版事項: |
Ciudad de México
Siglo veintiuno
1970
|
| 版: | 3a. ed |
| シリーズ: | Economía y demografía
|
| 主題: | |
| タグ: |
タグ追加
タグなし, このレコードへの初めてのタグを付けませんか!
|
MARC
| LEADER | 00000nam a2200000 a 4500 | ||
|---|---|---|---|
| 001 | UCR7746 | ||
| 003 | CL-VaPUC | ||
| 008 | 980519e19700000MX |||||||||||||||||spa|d | ||
| 082 | 0 | 4 | |a 338.9 |b FUR |2 21 |
| 100 | 0 | |a Furtado, Celso |e author |9 409164 | |
| 245 | 1 | 0 | |a Teoría y política del desarrollo económico |
| 250 | |a 3a. ed | ||
| 300 | |a 267 p | ||
| 942 | |c BK | ||
| 945 | |d 19980519 00:00:00 |a crobeson | ||
| 260 | |a Ciudad de México |b Siglo veintiuno |c 1970 | ||
| 600 | 0 | |a Keynes, John Maynard |d 1883-1946 |9 346359 | |
| 600 | 0 | 7 | |a ROSTOW, W. W |2 CL-VaPUC |9 357978 |
| 600 | 0 | 7 | |a PREBISCH, RAUL |2 CL-VaPUC |9 313113 |
| 600 | 0 | |a Marx, Karl Heinrich, |d 1818-1883 |9 861123 | |
| 650 | 0 | |a Desarrollo económico y social |9 256320 | |
| 650 | 0 | |a Política |9 255312 | |
| 650 | 0 | |a Economía |9 255568 | |
| 650 | 7 | |a POLITICA FINANCIERA |2 CL-VaPUC |9 356280 | |
| 650 | 0 | |a Política económica |9 255029 | |
| 650 | 7 | |a SUBDESARROLLO |2 CL-VaPUC |9 337696 | |
| 583 | |a last modification |c 19980519 00:00:00 |k Rodrigo Vera | ||
| 490 | 0 | |a Economía y demografía | |
| 999 | |c 269332 |d 269330 | ||
| 952 | |0 0 |1 0 |4 0 |6 338_900000000000000_FUR_1970 |7 0 |8 A |9 303045 |a BIBENE |b BIBENE |d 2019-11-20 |i 1994204 |o 338.9 FUR 1970 |p 1994204 |r 2025-01-15 |w 2019-11-20 |y BK |k ICO | ||
| 952 | |0 0 |1 0 |4 0 |6 338_900000000000000_FUR_1970 |7 0 |8 A |9 303046 |a BIBGIM |b BIBGIM |d 2019-11-20 |i 1997084 |o 338.9 FUR 1970 |p 1997084 |r 2025-01-15 |w 2019-11-20 |y BK |k COM | ||